000 00536nam a2200205 a 4500
005 20210219153507.0
008 991125n 000 0 eng u
035 _aUPN01000102749
100 _aGates, Henry Louis, Jr.
222 _aSOCIAL EDUCATION
245 _aThe transforming of the american mind
300 _a328-331
362 _a1992 56, no. 6
653 0 _aCONOCIMIENTOS CULTURALES
653 0 _aEDUCACION MULTICULTURAL
653 0 _aETNOCENTRISMO
653 0 _aNEGROS
904 _aAC
_b040560
905 _aArticulo
999 _c78336
_d78336